Právo sociálního zabezpečení České republiky a Evropské unie
Na minha lista:
| Autor principal: | |
|---|---|
| Autor Corporativo: | |
| Outros Autores: | , , , |
| Formato: | Livro |
| Idioma: | tcheco |
| Publicado em: |
Brno
Munipress
2018
|
| Edição: | 1. vydání |
| Colecção: | Učebnice Právnické fakulty MU
sv. 538 |
| Assuntos: | |
| Tags: |
Sem tags, seja o primeiro a adicionar uma tag!
|
MARC
| LEADER | 00000nam a2200000 4500 | ||
|---|---|---|---|
| 001 | 0258536 | ||
| 005 | 20240221114318.7 | ||
| 020 | |a 978-80-210-8842-9 | ||
| 041 | 0 | |a cze | |
| 044 | |a CZ | ||
| 245 | 1 | 0 | |a Právo sociálního zabezpečení České republiky a Evropské unie |c Zdeňka Gregorová ... [et al.] |
| 250 | |a 1. vydání | ||
| 264 | 1 | |a Brno |b Munipress |c 2018 | |
| 300 | |a 278 s. | ||
| 490 | 1 | |a Učebnice Právnické fakulty MU |v sv. 538 | |
| 830 | 0 | |a Učebnice Právnické fakulty MU |v sv. 538 | |
| 610 | 2 | 0 | |a politika sociálna |
| 610 | 2 | 0 | |a zabezpečenie sociálne |
| 610 | 2 | 0 | |a právo sociálne |
| 610 | 2 | 0 | |a regulácia |
| 610 | 2 | 0 | |a koordinácia |
| 610 | 2 | 0 | |a vzťahy právne |
| 610 | 2 | 0 | |a poistenie zdravotné |
| 610 | 2 | 0 | |a poistenie nemocenské |
| 610 | 2 | 0 | |a politika |
| 610 | 2 | 0 | |a zamestnanosť |
| 610 | 2 | 0 | |a poistenie dôchodkové |
| 610 | 2 | 0 | |a podpora štátna |
| 610 | 2 | 0 | |a pomoc sociálna |
| 610 | 2 | 0 | |a spolupráca medzinárodná |
| 100 | 1 | |a Gregorová, Zdeňka | |
| 700 | 1 | |a Galvas, Milan | |
| 700 | 1 | |a Komendová, Jana | |
| 700 | 1 | |a Stránský, Jaroslav | |
| 700 | 1 | |a Černá, Jitka | |
| 710 | 2 | |a Masarykova univerzita v Brně. Právnická fakulta. Katedra pracovního práva a sociálního zabezpečení | |